000 00744nam a22002297a 4500
005 20210325185501.0
008 s2002 eng d
020 _a9812301496
041 _aeng
050 _aR AG990.A8 C36A 2002
245 1 0 _aThe Asia-Pacific security Lexicon
260 3 _aSingapore :
_bInstitute of Southeast Asian Studies,
_c2002
300 _a224 p. ;
_b 22 cm.
650 0 4 _aNational security -- Pacific Area -- Dictionaries
650 0 4 _aNational security -- Asia -- Dictionaries
650 0 4 _aAsia -- Strategic aspects -- Dictionaries
650 0 4 _aPacific Area -- Strategic aspects -- Dictionaries
850 _aNALT
942 _cREF
997 _c000000000023087
998 _aSAIPHON DEENGAM
999 _c23087
_d23087